<?xml version="1.0" encoding="UTF-8"?>
<record
    xmlns:xsi="http://www.w3.org/2001/XMLSchema-instance"
    xsi:schemaLocation="http://www.loc.gov/MARC21/slim http://www.loc.gov/standards/marcxml/schema/MARC21slim.xsd"
    xmlns="http://www.loc.gov/MARC21/slim">

  <leader>00507nam a22001577a 4500</leader>
  <datafield tag="082" ind1=" " ind2=" ">
    <subfield code="a">621.40</subfield>
    <subfield code="b">KAS</subfield>
  </datafield>
  <datafield tag="100" ind1=" " ind2=" ">
    <subfield code="a">Kashif  Mushtaq (328962)</subfield>
    <subfield code="9">124868</subfield>
  </datafield>
  <datafield tag="245" ind1=" " ind2=" ">
    <subfield code="a">Utilizing Evaporative Cooling for Efficient Thermal Management of Lithium-Ion Batteries in Electric Vehicles /</subfield>
  </datafield>
  <datafield tag="264" ind1=" " ind2=" ">
    <subfield code="a">Islamabad :</subfield>
    <subfield code="b">USPCAS-E, NUST</subfield>
    <subfield code="c">MAY, 2024.</subfield>
  </datafield>
  <datafield tag="300" ind1=" " ind2=" ">
    <subfield code="a">xv, 63 p.</subfield>
    <subfield code="e">+CD</subfield>
  </datafield>
  <datafield tag="520" ind1=" " ind2=" ">
    <subfield code="a">TH-572</subfield>
  </datafield>
  <datafield tag="650" ind1=" " ind2=" ">
    <subfield code="a">MS TEE Thesis</subfield>
    <subfield code="9">116575</subfield>
  </datafield>
  <datafield tag="650" ind1=" " ind2=" ">
    <subfield code="a">MS Thesis</subfield>
    <subfield code="9">18721</subfield>
  </datafield>
  <datafield tag="700" ind1=" " ind2=" ">
    <subfield code="a">Dr. Adeel Waqas	</subfield>
    <subfield code="9">28869</subfield>
  </datafield>
  <datafield tag="942" ind1=" " ind2=" ">
    <subfield code="2">ddc</subfield>
    <subfield code="c">THE</subfield>
  </datafield>
  <datafield tag="999" ind1=" " ind2=" ">
    <subfield code="c">610653</subfield>
    <subfield code="d">610653</subfield>
  </datafield>
  <datafield tag="952" ind1=" " ind2=" ">
    <subfield code="0">0</subfield>
    <subfield code="1">0</subfield>
    <subfield code="4">0</subfield>
    <subfield code="7">0</subfield>
    <subfield code="a">CAS-E</subfield>
    <subfield code="b">CAS-E</subfield>
    <subfield code="d">2024-07-30</subfield>
    <subfield code="l">0</subfield>
    <subfield code="o">621.40 KAS</subfield>
    <subfield code="p">CAS-ETH0000572</subfield>
    <subfield code="r">2024-07-30</subfield>
    <subfield code="w">2024-07-30</subfield>
    <subfield code="y">THE</subfield>
  </datafield>
</record>
